000 00724 a2200205 4500
001 50376
005 20260407155802.0
008 260407a1959 arg spa d
003 AR-UNSa-BCEJYS
040 _aAR-UNSa-BCEJYS
_bspa
_cAR-UNSa-BCEJYS
080 _a1(09)
_xHistoria de la Filosofía
245 1 0 _aEl pensamiento antiguo
_pHistoria de la Filosofia Greco- Romana
250 _a4ed.
264 1 _aBuenos Aires :
_bLosada
_c1959
300 _a2 v. (293; 442 p.)
_c20 cm.
505 _aLIBRO I. El predominio del problema cosmológico – LIBRO II. El predominio del problema antropológico – LIBRO III. Grandes sistemas.
942 _cBK
590 _aniveau_biblio:m niveau_hierar:0
100 1 _aMondolfo, Rodolfo
999 _c4998
_d4998